[Event "9.Offene Senioren SH 2015"]
[Site "Buesum"]
[Date "2015.10.05"]
[Round "7.27"]
[White "Juergens, Peter"]
[Black "Weiss, Hartwig"]
[Result "1-0"]
[BlackElo "1997"]
[BlackTeam "SK Minden"]
[EventDate "2015.??.??"]
[PlyCount "39"]
[WhiteElo "1943"]
[WhiteTeam "SC Tempo Goettingen"]

1. d4 Nf6 2. Nf3 e6 3. Bf4 d5 4. e3 Bd6 5. Bg3 Ne4 6. Bxd6 Qxd6 7. Nbd2 b6 8.
Bd3 Bb7 9. O-O Nd7 10. c4 f5 11. Rc1 O-O 12. Qc2 Rac8 13. g3 h6 14. cxd5 exd5
15. a3 a5 16. Qa4 g5 17. Qc2 g4 18. Nh4 c5 19. Qd1 c4 20. Bxe4  1-0

[Event "9.Offene Senioren SH 2015"]
[Site "Buesum"]
[Date "2015.10.05"]
[Round "7.28"]
[White "Blosze, Winfried"]
[Black "Schwertel, Johann"]
[Result "1/2-1/2"]
[BlackElo "1991"]
[BlackTeam "SV Koblenz"]
[EventDate "2015.??.??"]
[PlyCount "52"]
[WhiteElo "1846"]
[WhiteTeam "SV Grossauheim"]

1. e4 c6 2. d4 d5 3. exd5 cxd5 4. c4 Nf6 5. Nc3 Nc6 6. Nf3 e6 7. a3 Be7 8. c5
O-O 9. Be2 Ne4 10. Qc2 f5 11. b4 a6 12. Na4 Bf6 13. Qd3 Qe8 14. Nb6 Ra7 15. Nxc8
Qxc8 16. Rb1 Qd7 17. Bb2 Rfa8 18. Ne5 Nxe5 19. dxe5 Bd8 20. f3 Ng5 21. Bd4 Bc7
22. c6 bxc6 23. Bxa7 Rxa7 24. h4 Nf7 25. f4 { Remis im 55. Zug (Anm.: nicht
rekonstruierbar).} 1/2-1/2

[Event "9.Offene Senioren SH 2015"]
[Site "Buesum"]
[Date "2015.10.05"]
[Round "7.29"]
[White "Gudat, Alfons"]
[Black "Fritsch, Juergen"]
[Result "1/2-1/2"]
[BlackElo "1868"]
[BlackTeam "SK Lister Turm"]
[EventDate "2015.??.??"]
[PlyCount "114"]
[WhiteElo "1969"]
[WhiteTeam "SK Oldenburg"]

1. Nf3 d5 2. d4 Bf5 3. e3 e6 4. c4 c6 5. Nc3 Nf6 6. Be2 Ne4 7. O-O Nd7 8. Nxe4
Bxe4 9. Bd2 Bd6 10. Rc1 O-O 11. Bc3 Qb8 12. h3 h6 13. Nd2 Bg6 14. f4 Nf6 15. Qe1
Be4 16. b4 a6 17. a4 b5 18. c5 Be7 19. Ra1 Qc7 20. Ra3 Bc2 21. Bd1 Bd3 22. Rf2
Ne4 23. Nxe4 Bxe4 24. Rfa2 Qb7 25. Be2 Ra7 26. axb5 cxb5 27. Qa1 Rfa8 28. Be1 f5
29. Bd1 Kf7 30. Bb3 g6 31. Bc2 Bxc2 32. Rxc2 Qc6 33. g4 Bd8 34. Rg2 Be7 35. Qd1
Bd8 36. Qf3 Be7 37. h4 Rg8 38. Raa2 Raa8 39. h5 Rg7 40. hxg6+ Rxg6 41. gxf5 exf5
42. Rxg6 Kxg6 43. Rg2+ Kh7 44. Qh5 Qe6 45. Bf2 Rg8 46. Rxg8 Qxg8+ 47. Kh2 Qg6
48. Qxg6+ Kxg6 49. Kh3 Bd8 50. Be1 Kf7 51. Bh4 Bc7 52. Be1 Bd8 53. Bh4 Bc7 54.
Be1 Bd8 55. Kg2 Ke6 56. Kf1 Be7 57. Ke2 Bd8  1/2-1/2

[Event "9.Offene Senioren SH 2015"]
[Site "Buesum"]
[Date "2015.10.05"]
[Round "7.30"]
[White "Liphardt, Bodo"]
[Black "Klages, Hans Juergen"]
[Result "0-1"]
[BlackElo "2121"]
[BlackTeam "SVg Boehmetal"]
[EventDate "2015.??.??"]
[PlyCount "56"]
[WhiteElo "1892"]
[WhiteTeam "SC Novartis Basel"]

1. e4 c5 2. Nc3 Nc6 3. f4 e6 4. Nf3 d5 5. Bb5 Nf6 6. Qe2 d4  7. Nd1 Bd7 8. Bxc6
bxc6 9. d3 c4 10. O-O cxd3 11. cxd3 Bc5 12. f5 O-O 13. e5 Nd5 14. f6 gxf6 15.
Bh6 Re8 16. Qf2 Kh8 17. exf6 Qxf6 18. Bg5 Qf5 19. Qg3 Qxd3 20. Qe5+ Kg8 21. Nh4
Bf8 22. Nf2 f6 23. Qe1 Qb5 24. Qd2 fxg5 25. Qxg5+ Bg7 26. Ne4 Rf8 27. Rae1 Ne3
28. Nf5 Rxf5  0-1

[Event "9.Offene Senioren SH 2015"]
[Site "Buesum"]
[Date "2015.10.05"]
[Round "7.31"]
[White "Dahlhaus, Friedhelm"]
[Black "Schmidt, Reinhard"]
[Result "1/2-1/2"]
[BlackElo "1919"]
[BlackTeam "SFO Warnemuende"]
[EventDate "2015.??.??"]
[PlyCount "96"]
[WhiteElo "2121"]
[WhiteTeam "DJK Wacker Bergeborbeck"]

1. e4 c5 2. Nc3 Nc6 3. f4 e6 4. Nf3 d5 5. e5 a6 6. a4 Bd7 7. Be2 Nh6 8. O-O Nf5
9. Bd3 Nfd4 10. Nxd4 Nxd4 11. Ne2 Nc6 12. c3 c4 13. Bc2 Bc5+ 14. Kh1 O-O 15. d4
cxd3 16. Qxd3 Qh4 17. Bd2 f5 18. exf6 Rxf6 19. Rf3 Rh6 20. Rh3 Qf6 21. Rxh6 Qxh6
22. Rf1 Ne7 23. f5 Qh4 24. Rf4 Qh6 25. f6 Ng6 26. Rg4 Qh5 27. Rg5 Qh4 28. g3 Qh3
29. Ng1 Bxg1 30. Kxg1 Rf8 31. fxg7 Rf6 32. Qe2 e5 33. Bxg6 hxg6 34. Rxe5 Kxg7
35. Re7+ Kg8 36. Qg2 Qh5 37. h4 Bc6 38. Qe2 Qxe2 39. Rxe2 Bxa4 40. Re7 Bc6 41.
Be3 Rf7 42. Re6 Rf3 43. Bf4 Kf7 44. Rd6 Rd3 45. Kf2 Rd1 46. Ke3 Re1+ 47. Kd4 Re6
48. Rd8 Re8  1/2-1/2

[Event "9.Offene Senioren SH 2015"]
[Site "Buesum"]
[Date "2015.10.05"]
[Round "7.32"]
[White "Schulz, Wolfgang"]
[Black "Nickel, Juergen"]
[Result "1/2-1/2"]
[BlackElo "1899"]
[BlackTeam "Flensburger SK"]
[EventDate "2015.??.??"]
[PlyCount "54"]
[WhiteElo "2052"]
[WhiteTeam "Hamburger SK"]

1. e4 c5 2. Nf3 e6 3. d3 Nc6 4. g3 d5 5. Nbd2 g6 6. Bg2 Bg7 7. O-O Nge7 8. Re1
O-O 9. c3 b5 10. Nf1 d4 11. e5 Rb8 12. Bf4 Qb6 13. cxd4 cxd4 14. h4 h5 15. Rc1
Bb7 16. N1d2 Nb4 17. Qb3 a5 18. Ng5 Ned5 19. a3 a4 20. Qd1 Nxd3 21. Nde4 N5xf4
22. gxf4 Nxc1 23. Qxc1 Rbc8 24. Qd2 Rc7 25. Bf1 Rd8 26. Bd3 Bxe4 27. Nxe4 Bf8 
1/2-1/2

[Event "9.Offene Senioren SH 2015"]
[Site "Buesum"]
[Date "2015.10.05"]
[Round "7.33"]
[White "Ophoff, Rigobert"]
[Black "Reutimann, Hans Peter"]
[Result "1/2-1/2"]
[BlackElo "1780"]
[BlackTeam "SC Duebendorf"]
[EventDate "2015.??.??"]
[PlyCount "32"]
[WhiteElo "2009"]
[WhiteTeam "Rhedaer SV"]

1. e4 e6 2. d3 d5 3. Nd2 Ne7 4. g3 Ng6 5. Bg2 c6 6. Ngf3 Nd7 7. O-O Bc5 8. c3
O-O 9. Re1 a5 10. Nf1 Be7 11. Qc2 Nc5 12. Be3 Qc7 13. Rad1 b6 14. Bc1 Ba6 15.
Ne3 Bxd3 16. Rxd3 dxe4  1/2-1/2

[Event "9.Offene Senioren SH 2015"]
[Site "Buesum"]
[Date "2015.10.05"]
[Round "7.34"]
[White "Kluegel, Jan"]
[Black "Schnaitmann, Herbert"]
[Result "1/2-1/2"]
[BlackElo "1995"]
[BlackTeam "SC Grunbach"]
[EventDate "2015.??.??"]
[PlyCount "120"]
[WhiteElo "1882"]
[WhiteTeam "SV VHS Rendsburg"]

1. d4 g6 2. Nf3 Bg7 3. Bf4 d6 4. e3 c5 5. c3 b6 6. h3 Nf6 7. Be2 Bb7 8. O-O O-O
9. Qb3 Nbd7 10. Bh2 Qc8 11. Nbd2 Ba6 12. Bxa6 Qxa6 13. Rfe1 d5 14. a4 Rac8 15.
Qb5 Qb7 16. Qe2 Rfe8 17. Nb1 Ne4 18. a5 c4 19. Qc2 b5 20. a6 Qc6 21. Nbd2 Nd6
22. Ra5 Nb6 23. e4 Na4 24. exd5 Qb6 25. Rxa4 bxa4 26. Qxa4 Qb5 27. Qxb5 Nxb5 28.
Ne4 Nc7 29. d6 exd6 30. Nxd6 Rxe1+ 31. Nxe1 Rf8 32. Nxc4 Nxa6 33. Nd3 Rc8 34.
Nd6 Rd8 35. Kf1 Bf8 36. Ne4 Bg7 37. Nec5 Nxc5 38. Nxc5 Kf8 39. Bb8 a5 40. Bc7
Ra8 41. Nb7 Ra7 42. Bd6+ Ke8 43. Nc5 Bf8 44. Bb8 Ra8 45. Bc7 Bxc5 46. dxc5 Kd7
47. Bb6 a4 48. Ke2 Kc6 49. Kd2 a3 50. bxa3 Rxa3 51. Bd8 Ra2+ 52. Ke3 Kxc5 53.
Bf6 Kd5 54. h4 Ke6 55. Bd4 Kf5 56. Kf3 h5 57. g3 Ra6 58. Ke3 Ke6 59. Kd3 Ra4 60.
c4 Ra3+  1/2-1/2

[Event "9.Offene Senioren SH 2015"]
[Site "Buesum"]
[Date "2015.10.05"]
[Round "7.35"]
[White "Lueders, Guenter"]
[Black "Hellwege, Werner"]
[Result "0-1"]
[BlackElo "1976"]
[BlackTeam "SK Lister Turm"]
[EventDate "2015.??.??"]
[PlyCount "110"]
[WhiteElo "1796"]
[WhiteTeam "TSV Benshausen"]

1. d4 Nf6 2. Nf3 g6 3. Bf4 Bg7 4. Nbd2 c5 5. c3 cxd4 6. cxd4 Nc6 7. e3 d6 8. Be2
O-O 9. O-O Re8 10. Qb3 Na5 11. Qd1 Qb6 12. b3 Nd5 13. Bg3 Nc3 14. Qe1 Nxe2+ 15.
Qxe2 e5 16. dxe5 dxe5 17. Rac1 Bg4 18. h3 Bd7 19. Rfd1 Bb5 20. Qe1 Qa6 21. Ne4
Bc6 22. Ned2 Rad8 23. b4 Bxf3 24. Nxf3 Nc6 25. e4 Nd4 26. Nxd4 exd4 27. f3 Qa3
28. Rc7 b6 29. Qd2 d3 30. Qf4 Qxa2 31. Qd2 Qa3 32. Be1 Be5 33. Rcc1 Qb3 34. Rb1
Qe6 35. Rdc1 Qd6 36. Bf2 Rc8 37. Be3 Rcd8 38. Bg5 Rd7 39. Be3 Ra8 40. b5 Qa3 41.
Bf2 Qe7 42. Rb3 Rad8 43. Rbb1 Qa3 44. Be3 Qa4 45. Rb4 Qa3 46. Rbb1 h5 47. f4 Bd4
48. Bxd4 Rxd4 49. e5 Qe7 50. g3 Qd7 51. Kh2 Re4 52. Re1 Rxe1 53. Qxe1 d2 54. Qd1
Qd3 55. Kg2 Qxb1  0-1

[Event "9.Offene Senioren SH 2015"]
[Site "Buesum"]
[Date "2015.10.05"]
[Round "7.36"]
[White "Pamperin, Gerhard"]
[Black "Kolkwitz, Klaus"]
[Result "1-0"]
[BlackElo "1849"]
[BlackTeam "ESV Eberswalde"]
[EventDate "2015.??.??"]
[PlyCount "43"]
[WhiteElo "1948"]
[WhiteTeam "SF Schwerin"]

1. d4 g6 2. c4 Bg7 3. Nf3 d6 4. e4 Nd7 5. Nc3 c6 6. Be3 e5 7. dxe5 dxe5 8. Bd3
Ngf6 9. h3 O-O 10. O-O Qe7 11. Qc2 b6 12. Rfd1 Bb7 13. a3 Nc5 14. Bf1 Rad8 15.
b4 Na6 16. Rxd8 Rxd8 17. Rd1 Rxd1 18. Qxd1 Nc7 19. c5 Nd7 20. cxb6 axb6 21. Qa4
c5 22. Qa7  1-0

[Event "9.Offene Senioren SH 2015"]
[Site "Buesum"]
[Date "2015.10.05"]
[Round "7.37"]
[White "Raessler, Arndt"]
[Black "Kreie, Guenter"]
[Result "1/2-1/2"]
[BlackElo "1843"]
[BlackTeam "TuS Eichholz-Remmighausen"]
[EventDate "2015.??.??"]
[PlyCount "68"]
[WhiteElo "1944"]
[WhiteTeam "ASV Wismar"]

1. d4 Nf6 2. Nf3 e6 3. Bg5 c5 4. e3 cxd4 5. exd4 Qa5+ 6. c3 Ne4 7. Be3 Be7 8.
Nbd2 f5 9. Nxe4 fxe4 10. Ne5 O-O 11. Nc4 Qf5 12. Qc2 Nc6 13. Nd2 d5 14. f3 Bg5
15. fxe4 dxe4 16. Nc4 Bxe3 17. Nxe3 Qf4 18. Qd2 Bd7 19. O-O-O Rac8 20. g3 Qg5
21. Bg2 Nb4 22. Kb1 Nd5 23. Rde1 Nf6 24. Qe2 b5 25. Nc2 Bc6 26. Qe3 Qg6 27. Rhf1
Ng4 28. Rxf8+ Rxf8 29. Qg1 Rf6 30. Ka1 Nf2 31. Ne3 Qf7 32. Re2 Bd5 33. Qe1 Nd3
34. Qd2 Rf2  1/2-1/2

[Event "9.Offene Senioren SH 2015"]
[Site "Buesum"]
[Date "2015.10.05"]
[Round "7.38"]
[White "Fuss, Jan"]
[Black "Bachmann, Friedrich"]
[Result "1-0"]
[BlackElo "1675"]
[BlackTeam "SC Bad Salzdetfurth"]
[EventDate "2015.??.??"]
[PlyCount "99"]
[WhiteElo "1936"]
[WhiteTeam "Herforder SV Koenigsspringer"]

1. e4 e5 2. Nf3 Nc6 3. Bb5 a6 4. Ba4 Nf6 5. O-O Bc5 6. d3 d6 7. h3 Be6 8. c3 h6
9. d4 b5 10. Bc2 exd4 11. cxd4 Bc4 12. dxc5 Bxf1 13. Qxf1 dxc5 14. Nc3 Nd4 15.
Bb1 Nxf3+ 16. gxf3 Qd6 17. Be3 Nd7 18. Bc2 Ne5 19. Qg2 O-O-O 20. Qg3 g5 21. Rd1
Qf6 22. Rxd8+ Rxd8 23. Kg2 Nc4 24. Bc1 c6 25. Qg4+ Kb7 26. Qf5 Qe7 27. Kf1 Kb6
28. Ke2 f6 29. f4 Qd6 30. Kf3 Nd2+ 31. Ke2 Nc4 32. Kf3 a5 33. Nd1 a4 34. Ne3
Nxe3 35. Bxe3 b4 36. b3 axb3 37. Bxb3 Qe7 38. Ke2 Kb5 39. e5 fxe5 40. fxe5 c4
41. Bc2 Rd5 42. Qc8 Rd7 43. Ba4+ Ka5 44. Qa8+ Ra7 45. Qxa7+ Qxa7 46. Bxa7 Kxa4
47. e6 b3 48. axb3+ cxb3 49. Bd4 c5 50. Bb2  1-0

[Event "9.Offene Senioren SH 2015"]
[Site "Buesum"]
[Date "2015.10.05"]
[Round "7.39"]
[White "Brandt, Fred"]
[Black "Mewes, Hans-Dieter"]
[Result "1/2-1/2"]
[BlackElo "1929"]
[BlackTeam "TV Meckelfeld"]
[EventDate "2015.??.??"]
[PlyCount "21"]
[WhiteElo "1839"]
[WhiteTeam "Koenigsjaeger Sued-West"]

1. d4 Nf6 2. Nf3 e6 3. e3 d5 4. Bd3 Be7 5. Nbd2 O-O 6. O-O Nbd7 7. c3 c5 8. Re1
b6 9. Nf1 Bb7 10. Bd2 Qc7 11. Ng3  1/2-1/2

[Event "9.Offene Senioren SH 2015"]
[Site "Buesum"]
[Date "2015.10.05"]
[Round "7.40"]
[White "Manthey, Wolfgang"]
[Black "Jensen, Helmut"]
[Result "0-1"]
[BlackElo "1923"]
[BlackTeam "Schach bei Maedler"]
[EventDate "2015.??.??"]
[PlyCount "40"]
[WhiteElo "1780"]
[WhiteTeam "Helmstedter SV"]

1. g3 d5 2. Bg2 Nf6 3. d4 Bf5 4. Nf3 h6 5. O-O e6 6. Nbd2 Be7 7. b3 O-O 8. Bb2
Nbd7 9. Re1 Ne4 10. Ne5 Nxd2 11. Qxd2 Nxe5 12. dxe5 c6 13. Rad1 Qb6 14. Qc1 Rfd8
15. e4 dxe4 16. Bxe4 Bc5 17. Rxd8+ Rxd8 18. Qf4 g5 19. Qf3 Rd2 20. Re2 g4  0-1

[Event "9.Offene Senioren SH 2015"]
[Site "Buesum"]
[Date "2015.10.05"]
[Round "7.41"]
[White "Kluger, Hans-Peter"]
[Black "Bordasch, Christian"]
[Result "1-0"]
[BlackElo "1798"]
[BlackTeam "SK Norderstedt"]
[EventDate "2015.??.??"]
[PlyCount "71"]
[WhiteElo "2015"]
[WhiteTeam "SF Fallersleben"]

1. d4 d5 2. c4 e6 3. Nf3 Nf6 4. Nc3 Be7 5. Qc2 O-O 6. e3 c6 7. Bd3 dxc4 8. Bxc4
Nbd7 9. O-O Re8 10. e4 Nf8 11. Rd1 Qc7 12. g3 Bd7 13. Bf4 Qc8 14. Bd3 Ng6 15.
Bd2 Qc7 16. e5 Nd5 17. h4 Qd8 18. Bg5 Nb4 19. Bxe7 Qxe7 20. Qe2 Nxd3 21. Qxd3
Red8 22. Ne4 Be8 23. h5 Nf8 24. h6 g6 25. Qe3 Nd7 26. Kg2 Rab8 27. Qf4 Kh8 28.
Nfg5 Kg8 29. Rh1 Ra8 30. Rh4 Rac8 31. Qf3 Rc7 32. Rf4 Nf8 33. Nf6+ Kh8 34. Nxe8
Qxe8 35. Rxf7 Rcd7 36. Qf6+  1-0

[Event "9.Offene Senioren SH 2015"]
[Site "Buesum"]
[Date "2015.10.05"]
[Round "7.42"]
[White "Petersen, Kay"]
[Black "Kuehn, Peter"]
[Result "0-1"]
[BlackElo "1985"]
[BlackTeam "SV Malchow"]
[EventDate "2015.??.??"]
[PlyCount "78"]
[WhiteElo "1746"]
[WhiteTeam "Heikendorfer SV"]

1. e4 c5 2. c3 Nf6 3. e5 Nd5 4. d4 cxd4 5. cxd4 e6 6. Bd2 Nc6 7. Nf3 Qb6 8. Bc3
d6 9. exd6 Bxd6 10. Be2 Nxc3 11. bxc3 Bd7 12. Qb3 Qc7 13. O-O Na5 14. Qb2 Rc8
15. Rc1 O-O 16. Nbd2 Bf4 17. h3 Bc6 18. Ne1 Rfd8 19. Bf3 Bxf3 20. Nexf3 Nc4 21.
Qc2 Rd6 22. g3 Nxd2 23. Nxd2 Bh6 24. Qd3 Rc6 25. Rab1 b6 26. Rb3 g6 27. f4 Bg7
28. Nf3 f6 29. Qe3 g5 30. Kg2 gxf4 31. gxf4 Bh6 32. Kg3 Kh8 33. Nh4 e5 34. dxe5
fxe5 35. Ng2 exf4+ 36. Nxf4 Rc4 37. Rf1 Rg8+ 38. Kh2 Rxf4 39. Qg3 Rf2+  0-1

[Event "9.Offene Senioren SH 2015"]
[Site "Buesum"]
[Date "2015.10.05"]
[Round "7.43"]
[White "Daebel, Hasso"]
[Black "Bars, Joachim"]
[Result "0-1"]
[BlackElo "1945"]
[BlackTeam "SV Heessen"]
[EventDate "2015.??.??"]
[PlyCount "108"]
[WhiteElo "1737"]
[WhiteTeam "SG Drewer"]

1. Nf3 Nf6 2. d4 e6 3. h3 d5 4. Bf4 c5 5. dxc5 Bxc5 6. e3 O-O 7. Nbd2 Nc6 8. c3
a6 9. Bd3 Re8 10. Qc2 e5 11. Bg5 e4 12. Bxf6 Qxf6 13. Nxe4 dxe4 14. Bxe4 h6 15.
O-O-O Rb8 16. Rd5 Bf8 17. Rhd1 Be6 18. R5d2 Ne5 19. b3 Nxf3 20. Bxf3 Rbc8 21.
Kb1 Qe7 22. Bg4 Bxg4 23. hxg4 Qe4 24. Qxe4 Rxe4 25. Rd4 Ree8 26. Rd7 b5 27. Ra7
Ra8 28. Rdd7 Rxa7 29. Rxa7 Re6 30. Ra8 g5 31. Kc2 Kg7 32. Rd8 Rc6 33. Rd5 Bb4
34. Rd3 Be7 35. g3 Kg6 36. f4 Rd6 37. f5+ Kf6 38. c4 bxc4 39. bxc4 Rxd3 40. Kxd3
Ke5 41. e4 f6 42. a4 Bc5 43. a5 Bb4 44. Ke3 Bxa5 45. c5 Bc7 46. Kd3 a5 47. Kc4
Kxe4 48. Kb5 Kf3 49. Kc6 Bxg3 50. Kd7 Be5 51. Ke6 a4 52. c6 a3 53. c7 Bxc7 54.
Kxf6 Bd8+  0-1

[Event "9.Offene Senioren SH 2015"]
[Site "Buesum"]
[Date "2015.10.05"]
[Round "7.44"]
[White "Meinke, Dietlind"]
[Black "Potschka, Dieter"]
[Result "1/2-1/2"]
[BlackElo "1791"]
[BlackTeam "VfL Geesthacht"]
[EventDate "2015.??.??"]
[PlyCount "82"]
[WhiteElo "1931"]
[WhiteTeam "MTV Leck"]

1. e4 e6 2. Nc3 a6 3. Nf3 b5 4. b3 Bb7 5. Bd3 c5 6. O-O Nc6 7. Re1 d6 8. a4 b4
9. Ne2 Nge7 10. Nf4 Ng6 11. Nxg6 hxg6 12. Bb2 g5 13. g4 e5 14. Kg2 Qf6 15. Rh1
Nd8 16. Ng1 Ne6 17. Qf3 Qf4 18. Rd1 Rh4 19. h3 g6 20. Ne2 Qxf3+ 21. Kxf3 f5 22.
Rdg1 Ke7 23. c4 Bg7 24. Ng3 Nf4 25. Bf1 Rf8 26. gxf5 gxf5 27. Ke3 fxe4 28. Ba1
Ne6 29. Bg2 d5 30. cxd5 Bxd5 31. Bxe4 Bxe4 32. Nxe4 Rf5 33. f3 Bh6 34. Rg4 Kd7
35. Ng3 Rf4 36. Bxe5 Rfxg4 37. fxg4 Bg7 38. Bxg7 Nxg7 39. Ne4 Ne6 40. Rh2 Kc6
41. d3 Kd5  1/2-1/2

[Event "9.Offene Senioren SH 2015"]
[Site "Buesum"]
[Date "2015.10.05"]
[Round "7.45"]
[White "Perk, Egbert"]
[Black "Eberhardt, Michael"]
[Result "1-0"]
[BlackElo "1795"]
[BlackTeam "SC Agon Neumuenster"]
[EventDate "2015.??.??"]
[PlyCount "71"]
[WhiteElo "1916"]
[WhiteTeam "SK Lister Turm"]

1. Nf3 Nf6 2. c4 e6 3. g3 b6 4. Bg2 Bb7 5. O-O g6 6. d4 Bg7 7. Nc3 O-O 8. Qc2 d5
9. Ne5 Nbd7 10. cxd5 exd5 11. Rd1 Qe7 12. Bf4 Nh5 13. Nxd5 Qd8 14. Nxd7 Nxf4 15.
N7f6+ Bxf6 16. Nxf6+ Qxf6 17. Bxb7 Rab8 18. Bf3 Ne6 19. Qc3 c5 20. d5 Nd4 21.
Kg2 Rfe8 22. Rd2 Re5 23. Bg4 h5 24. f4 Rxd5 25. Bf3 Rd6 26. Rad1 Rbd8 27. e3 g5
28. exd4 cxd4 29. Qa3 g4 30. Be4 Re6 31. Qd3 h4 32. Rf2 Rde8 33. Re2 Qh6 34.
Qxd4 f5 35. Bd5 hxg3 36. Kg1  1-0

[Event "9.Offene Senioren SH 2015"]
[Site "Buesum"]
[Date "2015.10.05"]
[Round "7.46"]
[White "Duijker, Bert"]
[Black "Schencke, Guenther"]
[Result "1-0"]
[BlackElo "1788"]
[BlackTeam "SV Hankensbuettel"]
[EventDate "2015.??.??"]
[PlyCount "61"]
[WhiteElo "1907"]
[WhiteTeam "Veenendaal"]

1. Nf3 d5 2. g3 Nf6 3. Bg2 c6 4. d4 Bf5 5. O-O e6 6. Nbd2 h6 7. c4 Nbd7 8. b3
Be7 9. Bb2 O-O 10. Ne5 Nxe5 11. dxe5 Nd7 12. e4 dxe4 13. Nxe4 Bxe4 14. Bxe4 Qc7
15. Qe2 Rad8 16. Rad1 g6 17. Bb1 Nb6 18. h4 Rxd1 19. Rxd1 Rd8 20. h5 Rxd1+ 21.
Qxd1 Qd7 22. Qxd7 Nxd7 23. hxg6 fxg6 24. Bxg6 Kg7 25. Bc2 Bd8 26. Kg2 Nf8 27. f4
Ng6 28. Kf3 Bc7 29. Ba3 Kf7 30. Kg4 Bd8 31. Kh5  1-0

[Event "9.Offene Senioren SH 2015"]
[Site "Buesum"]
[Date "2015.10.05"]
[Round "7.47"]
[White "Hilbig, Klaus"]
[Black "Schwetje, Siegfried"]
[Result "0-1"]
[BlackElo "1906"]
[BlackTeam "SC Bad Salzdetfurth"]
[EventDate "2015.??.??"]
[PlyCount "86"]
[WhiteElo "1726"]
[WhiteTeam "Ahrensburger TSV"]

1. d4 d5 2. Nf3 Nf6 3. e3 g6 4. Bd3 Bg7 5. O-O O-O 6. c4 c6 7. cxd5 cxd5 8. Nc3
Nc6 9. a3 a6 10. b4 b5 11. Bb2 Bb7 12. Qb3 e6 13. Rfc1 Nd7 14. a4 bxa4 15. Nxa4
Qb8 16. b5 Na5 17. Qb4 axb5 18. Bxb5 Bc6 19. Nc3 Bxb5 20. Nxb5 Nc4 21. Rxa8 Qxa8
22. Ra1 Qc6 23. Na7 Qc7 24. Nb5 Qb6 25. Bc3 Rb8 26. Rb1 Bf8 27. Qa4 Qc6 28. Be1
Nd6 29. Bd2 Rxb5 30. Rc1 Qb7 31. Ne5 Nxe5 32. dxe5 Nc4 33. Rxc4 dxc4 34. h3 Rb1+
35. Kh2 Qb5 36. Qa8 Qxe5+ 37. f4 Qd5 38. Qa2 Rb3 39. Be1 Rxe3 40. Bf2 Rd3 41.
Qa7 Rd2 42. Kg1 Rxf2 43. Kxf2 Bc5+  0-1

[Event "9.Offene Senioren SH 2015"]
[Site "Buesum"]
[Date "2015.10.05"]
[Round "7.48"]
[White "Bendisch, Juergen"]
[Black "Moeller, Peter"]
[Result "1/2-1/2"]
[BlackElo "1735"]
[BlackTeam "ASV Wismar"]
[EventDate "2015.??.??"]
[PlyCount "39"]
[WhiteElo "1901"]
[WhiteTeam "SV Hennef"]

1. d4 d5 2. Nf3 Bg4 3. Ne5 Bh5 4. g4 Bg6 5. Bg2 c6 6. Nxg6 hxg6 7. c3 e6 8. Bf4
Bd6 9. Qd2 Qc7 10. Bxd6 Qxd6 11. h3 Nf6 12. Na3 Nbd7 13. O-O-O Nb6 14. Kb1 O-O-O
15. Rc1 Kb8 16. e3 Rc8 17. c4 dxc4 18. Nxc4 Nxc4 19. Rxc4 Nd5 20. Qa5  1/2-1/2

[Event "9.Offene Senioren SH 2015"]
[Site "Buesum"]
[Date "2015.10.05"]
[Round "7.49"]
[White "Merettig, Georg"]
[Black "Garms, Ilse"]
[Result "1-0"]
[BlackElo "1745"]
[BlackTeam "ESV Eberswalde"]
[EventDate "2015.??.??"]
[PlyCount "64"]
[WhiteElo "1880"]
[WhiteTeam "SV Caissa Wolfenbuettel"]

1. Nc3 d5 2. e4 dxe4 3. Nxe4 Nf6 4. Ng3 e6 5. Nf3 Bd6 6. d4 Nbd7 7. Bd3 c5 8.
O-O cxd4 9. Nxd4 Ne5 10. Be2 Bc5 11. Be3 Bxd4 12. Bxd4 Ng6 13. Nh5 Nxh5 14. Bxh5
O-O 15. f4 Bd7 16. Qf3 Bc6 17. Qc3 f6 18. Rad1 Bd5 19. f5 Rc8 20. Qd2 exf5 21.
Rxf5 Be4 22. Rc5 b6 23. Rc3 Rxc3 24. Qxc3 Nf4 25. Be5 Nd5 26. Qd4 fxe5 27. Qxe4
Qf6 28. Qxd5+ Kh8 29. Bf3 g5 30. Qe4 h5 31. Rd7 Rf7 32. Rxf7 Qxf7  1-0

[Event "9.Offene Senioren SH 2015"]
[Site "Buesum"]
[Date "2015.10.05"]
[Round "7.50"]
[White "Jung, Michael"]
[Black "Ungar, Benedict"]
[Result "1-0"]
[BlackElo "1690"]
[BlackTeam "Delmenhorster SK"]
[EventDate "2015.??.??"]
[PlyCount "82"]
[WhiteElo "1828"]
[WhiteTeam "SV Osnabrueck"]

1. c4 Nf6 2. Nc3 d5 3. cxd5 Nxd5 4. g3 e5 5. Bg2 c6 6. Nf3 Bd6 7. O-O O-O 8. d3
Be6 9. Bd2 h6 10. a3 f5 11. e3 f4 12. exf4 exf4 13. Ne4 fxg3 14. hxg3 Na6 15.
Nd4 Bc8 16. Nxd6 Qxd6 17. Nf3 Bg4 18. Rc1 Kh8 19. Rc4 Nf6 20. Qc2 Bf5 21. Rd4
Qc5 22. Rc4 Qb5 23. Nd4 Bxd3 24. Qxd3 Qxb2 25. Rb1 Qa2 26. Rxb7 Rad8 27. Bxc6
Ng4 28. Rc2 Qa1+ 29. Rc1 Qxd4 30. Qxd4 Rxd4 31. Bc3 Rfd8 32. Bxd4 Rxd4 33. Rxa7
Nb8 34. Bf3 h5 35. Rc8+ Kh7 36. Rxb8 Ne5 37. Kg2 Rd2 38. Bxh5 Nd3 39. Rf7 Ne1+
40. Kf1 Nd3 41. Bg4 Ne5 { Weiss gewinnt nach weiteren Zuegen  (  Anm.: nicht
rekonstruierbar  )  .} 1-0

[Event "9.Offene Senioren SH 2015"]
[Site "Buesum"]
[Date "2015.10.05"]
[Round "7.51"]
[White "Van Houten, Henk"]
[Black "Juenger, Leonhard"]
[Result "0-1"]
[BlackElo "1826"]
[BlackTeam "Aachener SV"]
[EventDate "2015.??.??"]
[PlyCount "83"]
[WhiteElo "1729"]
[WhiteTeam "SC Gronau"]

1. b3 e5 2. Bb2 f6 3. a3 Ne7 4. e4 d5 5. exd5 Nxd5 6. b4 Be6 7. g3 c6 8. d3 Bd6
9. c4 Ne7 10. Nc3 Bc7 11. Bg2 O-O 12. Nf3 Qd7 13. O-O Rd8 14. Ne1 Bf5 15. Be4
Bh3 16. Bg2 Bg4 17. Qc2 Qe6 18. f3 Bf5 19. Ne4 b6 20. g4 Bg6 21. Qe2 Kh8 22. h4
Nd7 23. Nc2 a5 24. h5 Bxe4 25. fxe4 Ng8 26. Ne3 Ne7 27. Bc3 Nf8 28. Rf2 Qd6 29.
Bf1 Ne6 30. Nf5 Nxf5 31. gxf5 Nf4 32. Rxf4 exf4 33. bxa5 bxa5 34. Qf2 f3 35.
Qxf3 Qg3+ 36. Qxg3 Bxg3 37. d4 c5 38. d5 Be5 39. Bxe5 fxe5 40. Rb1 Rab8 41. Rb5
Rxb5 42. cxb5  0-1

[Event "9.Offene Senioren SH 2015"]
[Site "Buesum"]
[Date "2015.10.05"]
[Round "7.52"]
[White "Gehrmann, Dorit"]
[Black "Kuehnen, Gerhard"]
[Result "1-0"]
[BlackElo "1649"]
[BlackTeam "Flensburger SK"]
[EventDate "2015.??.??"]
[PlyCount "93"]
[WhiteElo "1915"]
[WhiteTeam "SV Eutin"]

1. e4 c5 2. Nf3 d6 3. d4 cxd4 4. Nxd4 Nf6 5. Nc3 a6 6. a4 e5 7. Nb3 Be6 8. Be2
Nbd7 9. Be3 Rc8 10. O-O Be7 11. f3 Nb6 12. Bf2 O-O 13. Qc1 Nc4 14. Nd2 Nxd2 15.
Qxd2 Qa5 16. Rfd1 Rfd8 17. Nd5 Qxd2 18. Nxe7+ Kf8 19. Ng6+ fxg6 20. Rxd2 d5 21.
exd5 Rxd5 22. Rxd5 Nxd5 23. c3 Nf4 24. Bf1 Bc4 25. g3 Ne6 26. Bh3 Kf7 27. Re1
Kf6 28. Be3 g5 29. a5 Bb3 30. Bb6 h6 31. Re2 Rc6 32. Rd2 Ke7 33. Bf5 Nf8 34. Be4
Ba4 35. Bxc6 Bxc6 36. Bc5+ Ke8 37. Bxf8 Kxf8 38. Kf2 Ke7 39. c4 Ke6 40. b4 g6
41. Rb2 Kd6 42. b5 axb5 43. cxb5 Bd5 44. a6 Kc7 45. b6+ Kb8 46. a7+ Ka8 47. Rd2 
1-0